Quizzes
Events
Quiz Creation
Community
Videos
Private Events
Remove Ads
Sign In
Join for FREE
Feedback
Dark Mode
Quiz Categories
Sports
Geography
Music
Movies
Television
Just For Fun
Miscellaneous
History
Literature
Language
Science
Gaming
Entertainment
Religion
Holiday
For Kids
Quiz Lab
Recent
Popular Today
Quiz Kudos Today
Editor Picks
Curator Picks
Quizzes by...
Day
Popularity
Type
Ratings
Length
Year
Community
Subscriptions
Recent Discussions
Orange Saloon
Badges
Playlists
Quests
Create
Leaderboards
Showdown
Live 5
Trivia Bingo
Activity
Puzzle Library
Sporcle Events
Private Events
Virtual Trivia
Globe League
Become a Host
Pub Owners
SporcleCon
Opinionation
Our Games
Videos
Blog
Mobile Apps
Partnerships
Remove Ads and Go Orange
Feedback
Gaming
Video Games
Board Games
Card Games
Pokémon
Mario
Nintendo
Minecraft
Console
Toys
Legend of Zelda
Gaming
Video Games
Board Games
Card Games
Pokémon
Mario
Nintendo
Minecraft
Console
Toys
Legend of Zelda
Random Quiz
Search Sporcle
×
Quiz Lab
Quiz Lab
Gaming
reach
Type in answers that appear in a list
Type in answers that appear in a list
Classic
Best Score? Go Orange.
Halo Reach Commendations Stats
Can you name the Halo Reach Commendations?
By
l3anshee9999
10m
45 Questions
5 Plays
5 Plays
5 Plays
Comments
Comments
Give Quiz Kudos
Give Quiz Kudos
-
- Ratings
hide this ad
More Info
Replay
Link that replays current quiz
Next Quiz
Link to next quiz in quiz playlist
You Got
0%
They Got
Avg Score
25%
Avg Friend Score
Upgrade to see
Score Distribution
Jump to the score distribution portion of the page
Score
0/45
Timer
10:00
0
Plays Today
Commendation Type
Commendation
% Correct
Multiplayer
Grenadier
80%
Multiplayer
Assistant
80%
Multiplayer
Close Quarters
60%
Multiplayer
Jack of All Trades
60%
Multiplayer
Any Spree
60%
Multiplayer
Multikill
60%
Multiplayer
Rear Admiral
60%
FireFight
Perfectionist
60%
Campaign
Small Arms
60%
Multiplayer
Sidearm
40%
Multiplayer
Heavy Weapon
40%
FireFight
Get Loud
40%
FireFight
Vehicular
40%
Campaign
Demon
40%
Campaign
Flawless Cowboy
40%
Multiplayer
One Shot
20%
Multiplayer
Trigger Man
20%
Multiplayer
Mobil Asset
20%
Multiplayer
Downshift
20%
FireFight
Specialized
20%
FireFight
Target Practice
20%
FireFight
Longshot
20%
FireFight
Pull the Pin
20%
Commendation Type
Commendation
% Correct
FireFight
Trigger Happy
20%
Campaign
Walking Tank
20%
Campaign
Pinpoint
20%
Campaign
SpecOps
20%
Campaign
Nice Arm
20%
Campaign
Standard Issue
20%
Campaign
Precisely
20%
Campaign
Splash Damage
20%
Multiplayer
Crack Shot
0%
FireFight
Numbers Game
0%
FireFight
Dome Inspector
0%
FireFight
In Command
0%
FireFight
Methodical
0%
FireFight
Backup
0%
FireFight
Riflin' Through
0%
FireFight
Grounded
0%
Campaign
Cannon Fodder
0%
Campaign
Leadership Element
0%
Campaign
Super Soldier
0%
Campaign
Right of Way
0%
Campaign
War Machine
0%
Campaign
Support Role
0%
Quiz Playlist
Details
Report
Send in Message
Add To Playlist
More Info:
Iron, Bronze, Silver, Gold, Onyx, Max... Which ones you got?
Classic:
Type in answers that appear in a list
Quiz Source
Last Updated: Feb 16, 2017
Quiz Scoreboard
CHALLENGE
Sign Up to Join the Scoreboard
Show All
Scores
Hide
Comments
May contain spoilers
Recently Published
Movies - When Are They Set?
by FPL_Elf
Movies
5m
Popular People in 1961
by mucciniale
History
6m
1-10 Letter E Words III
by El_Dandy
Language
2m
More to Explore
Quiz From the Vault
Featured Blog Post
Where Did the Easter Bunny Come From?
hide this ad
You Might Also Like...
Tags
Bronze
bungie
gold
halo
iron
Max
microsoft
reach
Silver
Today's Top Quizzes in Gaming
Browse Gaming
hide this ad
Today's Top Quizzes in reach
Browse reach
Top Contributed Quizzes in Gaming
1
Destiny 2 exotic weapons by perk icons
2
Ultimate Genshin Impact Logic Puzzle (up to 4.3)
3
Genshin Impact Logic Puzzle Quiz
4
Who's on the WWE 2K24 Cover?
5
Windmill: Pokémon
6
Franchise by Action Figure
7
Legendary or Exotic?
8
Overwatch 2: Ultimate Ability Icons
9
Overwatch 2 Heroes by Selection Quote
10
Genshin murder mystery
Explore More
Trending Topics
Harry Potter
Kpop
Anime
Disney
Marvel
Crossword
NBA
Puzzle
Soccer
WWE
NFL
Song
Country
The Office
Pokémon
hide this ad
More By:
l3anshee9999
Quiz
Plays
Rating
Category
Featured
Created
Best Known Led Zeppelin Songs
661
2.63
Music
Feb 2, 2010
Colors on a Rubiks Cube
508
3.50
Just For Fun
Feb 11, 2010
Runescape Skills
502
5.00
Gaming
Feb 4, 2010
Guitar Strings (Low to High)
344
2.57
Music
Feb 9, 2010
Basic Geometric Angles
109
Miscellaneous
Feb 9, 2010
Go to Creator's Profile
Score Distribution
Quiz Creator Spotlight
l3anshee9999
Follow
Send a Message
Quizzes Created
-
Created Quiz Play Count
-
More By This Creator
Popular Quizzes Today
1
Find the Countries of Europe - No Outlines Minefield
2
Find the US States - No Outlines Minefield
3
The Countries of the World
4
Popular People in 1961
5
US States
6
1-10 Letter E Words III
7
Find the US States
8
One Thing in Common: World Cities II
More Gaming Quizzes
Minesweeper 10x10 - Hard XIII
Quiz Lab
Trending Quizzes
Risky Map Clicking: Least Populous States A-Z
1-10 Letter F Words
1-10 Letter G Words
One Thing in Common: United Kingdom
Risky Map Clicking: Next State Alphabetically
Recently Updated
Leaping Animals
pecheneg
Reality TV Shows (A-Z)
bhenderson79
Rickey Henderson's Hall of Fame Teammates
pecheneg
Champions League XIs: Arsenal
pecheneg
Quick Pick: Celebrities in WWE's Hall of Fame
aduchscher
A-Z Keypad Blitz II
pecheneg
Multiple Oscar Actors
pecheneg
Mystery Phrase Blitz: Oscar 'Best Actors'
pecheneg
F. Scott Fitzgerald Novels
LTH
Pick 3 Villains
ddd62291
Trending Topics
Anime
Kpop
Harry Potter
Marvel
Crossword
NBA
Disney
NFL
Pokémon
The Office
Song
Soccer
WWE
Puzzle
Country
Your Account Isn't Verified!
In order to create a playlist on Sporcle, you need to verify the email address you used during registration. Go to your
Sporcle Settings
to finish the process.
Report this User
Report this user for behavior that violates our
Community Guidelines
.
Details:
Send Report
Go to the Sporcle.com Mobile Site →
Comments